| 000 | 01143aam a2200349 i 4500 | ||
|---|---|---|---|
| 001 | 421 | ||
| 003 | CO-MdFUSB | ||
| 005 | 20240322131321.0 | ||
| 008 | 170126t19992014ag ||||| |||| 00| 0 spa d | ||
| 020 | _a9879591585 (t.1) | ||
| 020 | _a9789871355259 (t.2) | ||
| 040 |
_aCO-MdFUSB _bspa _cCO-MdFUSB _dCO-MdFUSB _erda |
||
| 041 | 0 | _aspa | |
| 082 | 0 | 4 |
_aG 228 _222 _bS7831a |
| 100 | 1 |
_aStam, Juan _eautor |
|
| 245 | 0 |
_aApocalipsis _c/ Juan Stam |
|
| 264 | 4 |
_aBuenos Aires, Argentina : _bKairós, _c©1999-2014 |
|
| 300 | _a4 tomos | ||
| 336 |
_2rdacontent _atexto _btxt |
||
| 337 |
_2rdamedia _asin mediación _bn |
||
| 338 |
_2rdacarrier _avolumen _bnc |
||
| 490 | _aComentario Bíblico Iberoamericano | ||
| 500 | _a4 tomos | ||
| 505 | _aTomo 1 : Capítulos 1 al 5. Introducción y comentario. . | ||
| 505 | _aTomo 2 : Capítulos 6 al 11. Comentario | ||
| 505 | _a Tomo 3 : Capítulos 12 al 16. Visiones de la historia (6:1-16:21) | ||
| 505 | _a Tomo 4 : Capítulos 17 al 22. Visiones de la victoria (17:1-20:15) | ||
| 630 | 0 | 7 |
_aBiblia. _pApocalipsis |
| 630 | 0 | 7 |
_aBiblia. _pNuevo Testamento |
| 942 | _cBK | ||
| 945 | _aJTF-925 | ||
| 999 |
_c31951 _d31951 |
||